Wszystkie turnieje skoków narciarskich - Statystyki

Ogólne statystyki
  • Ten quiz został rozwiązany 151 razy
  • Średni wynik to 5 z 15
Statystyki odpowiedzi
Turniej % Poprawnych
Turniej Czterech Skoczni
96%
Raw Air
87%
Planica 7
68%
Willingen Five
50%
Turniej Nordycki
42%
PolSKI Turniej
39%
Turniej Szwajcarski
27%
Titisee-Neustadt Five
24%
Turniej Czeski
20%
Willingen Six
12%
FIS Team Tour
9%
Mistrzostwa Świata w Lotach Narciarskich
7%
Zimowe Igrzyska Olimpijskie
7%
Mistrzostwa Świata w Narciarstwie Klasycznym
4%
Tydzień Lotów Narciarskich
3%
Nie znaleziono quizów pasujących do podanych kryteriów
Rozkład punktacji
Procent ludzi z każdym wynikiem
Percentyl według liczby udzielonych odpowiedzi
Twoja historia wyników
Nie rozwiązałeś tego quizu